| 000 | 00683cab a2200193 4500 | ||
|---|---|---|---|
| 001 | ABS37688 | ||
| 008 | 090401t1987 xxu||||| |||| 00| 0 eng d | ||
| 035 | _a(Sirsi) u6186 | ||
| 041 | _aeng | ||
| 245 | _aRedundant farm buildings | ||
| 260 | _c1987 | ||
| 350 | _a0 | ||
| 490 |
_aCountryland _vMarch 1987, 7+10(2) |
||
| 520 | _aTwo brief articles look at the successful conversion of redundant farm buildings . 1. Buildings for profit. Business workshops have been set up in a Wiltshire farm. 2. Craft pays in Sussex. Craft workshops have been established on two Sussex farms. | ||
| 650 | _aREDUNDANT BUILDINGS | ||
| 690 | _aRURAL PRACTICE | ||
| 942 | _n0 | ||
| 948 | _c04/03/1997 | ||
| 999 |
_c3713 _d3713 |
||